Datum a čas kvízu
25.5
Celkem bodů
Celkový počet nahraných bodů na tomto kvízu bez doplňovacích otázek.
8.
Pořadí na kvízu
Konečné umístění týmu na tomto kvízu.
Zaznamenané odpovědi
| # | Otázka | Odpověď | Body | Výsledky |
|---|---|---|---|---|
| 1. | Městský soud v Praze vyhlásil... | Firo-tour | 0 | |
| 2. | Premiér jisté země minulý týde... | Japonsko | 1 | |
| 3. | Jak se jmenuje slavný britský... | Sean Connery | 1 | |
| 4. | Jistá soukromá dopravní společ... | Leo Express | 0 | |
| 5. | V sobotu začal nejslavnější cy... | Nice | 0 | |
| 6. | V tomto tématu se podíváme na... | (druhá) punská válka | 1 | |
| 7. | V roce 1805 se odehrála bitva... | Cádiz | 0 | |
| 8. | Jak se jmenoval americký gener... | Robert Edward Lee | 1 | |
| 9. | Německo poprvé ve velkém měřít... | Ypry / Ypres | 1 | |
| 10. | Kniha Černý jestřáb sestřelen... | v Somálsku | 1 |